Financovanie regionálneho školstva zo štátneho rozpočtu
Všeobecný prehľad o financovaní regionálneho školstva zo štátneho rozpočtu. Zmeny vo financovaní regionálneho školstva, ktoré priniesli novely zákona č. 597/2003 Z.z. o financovaní základných škôl, stredných škôl a školských zariadení zákonom č. 182/2017 Z.z. a zákonom č. 209/2018 Z.z., ktorým sa me...
Salvato in:
| Autore principale: | |
|---|---|
| Natura: | Capitolo di libro |
| Lingua: | slovacco |
| Soggetti: | |
| Tags: |
Nessun Tag, puoi essere il primo ad aggiungerne!!
|
MARC
| LEADER | 00000naa a2200000 4500 | ||
|---|---|---|---|
| 001 | 0248723 | ||
| 005 | 20181108083620.3 | ||
| 041 | 0 | |a slo | |
| 044 | |a SK | ||
| 245 | 1 | 0 | |a Financovanie regionálneho školstva zo štátneho rozpočtu |c Ingrid Konečná Veverková |
| 520 | |a Všeobecný prehľad o financovaní regionálneho školstva zo štátneho rozpočtu. Zmeny vo financovaní regionálneho školstva, ktoré priniesli novely zákona č. 597/2003 Z.z. o financovaní základných škôl, stredných škôl a školských zariadení zákonom č. 182/2017 Z.z. a zákonom č. 209/2018 Z.z., ktorým sa mení a dopĺňa zákon č. 597/2003 Z.z. o financovaní základných a stredných škôl a školských zariadení v znení neskorších predpisov, a ktorým sa menia a dopĺňajú niektoré zákony. | ||
| 610 | 2 | 0 | |a školy základné |
| 610 | 2 | 0 | |a školy stredné |
| 610 | 2 | 0 | |a zariadenia školské |
| 610 | 2 | 0 | |a regióny |
| 610 | 2 | 0 | |a legislatíva |
| 610 | 2 | 0 | |a novelizácia |
| 610 | 2 | 0 | |a financovanie |
| 100 | 1 | |a Konečná Veverková, Ingrid | |